| 000 | 04296nam a2200253 a 4500 | ||
|---|---|---|---|
| 001 | 000039902 | ||
| 003 | DO-SdBNP | ||
| 005 | 20260220175337.0 | ||
| 008 | 130729s1944 sp 000 0 spa d | ||
| 040 |
_aDO-SdBNP _bspa _cBNPHU |
||
| 082 | 4 |
_a860.8 _bB582a |
|
| 245 | 0 | 0 |
_aBiblioteca autores españoles. : _bdesde la formación del lenguaje hasta nuestros días. |
| 260 |
_aMadrid, España : _bediciones Atlas, _c1944-. |
||
| 300 |
_av. ; _c26 cm. |
||
| 500 | _aContinuación de la colección Rivadeneira publicada con autorización de la Real Academia Española | ||
| 500 | _aLa biblioteca posee los vols. v.1; v.17, t.1; v.23, t1; v.29, t.2; v.32, t.1; v.42, t.2; v.57; v.61, t.1; v.69; v.71; v.96, t.2; v.106; v.121, t.5; v. 132, t.1; v.134, t.3; v.135, t.4 | ||
| 505 | 0 |
_gv. 1 . _tObras de Miguel de Cervantes Saavedra -- _gv. 2 . _tObras de Don Aicolas y de Don Leandro Fernandez de Moratin -- _gv. 3 . _tNovelistas anteriores a Cervantes -- _gv. 4. _tElegias de varones ilustres de Indias compuestas por Juan de Castellanos -- _gv. 5. _tComedias escogidas de Fray Gabriel Tellez (El Maestro Tirso de Molina) -- _gv. 6, 8, 11. _tObras del V. P. M. Fray Luis de Granada -- _gv. 7,9. _tObras de Don Pedro Calderon de la Barca -- _gv. 10,16. _tRomancero general coleccion de romances Castellanos -- _gv. 12, 14 _tComedias de Don Pedro Calderon de la Barca -- _gv. 13. _tColeccion de cartas de espanoles ilustres antiguos y modernos -- _gv. 15. _tObras escogidas del Padre Jose Francisco de Isla -- _gv. 17, 29. _tPoemas epicos -- _gv. 18, 33. _tNovelistas Posteriores a Cervantes -- _gv. 19. _tObras completas del Excmo. Sr. D. Manuel Jose Quintana -- |
|
| 505 | 0 |
_gv. 20. _tComedias de Don Juan Ruiz de Alarcon y Mendoza -- _gv. 21, 28. _tHistoriadores de sucesos particulares -- _gv. 22, 26. _tHistoriadores primitivos de Indias -- _gv. 23 _tObras de Don Francisco de Quevedo Villegas -- _gv. 24, 34, 41. _tComedias Escogidas de Frey Lope Felix de Vega Carpio -- _gv. 25. _tObras de Don Diego de Saavedra Fajardo -- _gv. 27. _tEscritores del Siglo XVI San Juan de la Cruz, Fray Pedro Malon de Chaide, Fray Hernando de Zarate -- _gv. 30, 31. _tObras del Padre Juan de Mariana -- _gv. 32, 42. _tPoetas Liricos de los Siglos xvi y xvii -- _gv. 35. _tRomancero y Cancionero Sagrados -- _gv. 36. _tCuriosidades Bibliograficas : de Obras Raras de Amenidad y Erudicion -- _gv. 37. _tEscritores del Siglo XVI : Obras del Maestro Fray Luis de Leon -- _gv. 38. _tColeccion Escogida de Obras No Dramaticas de Frey Lope Felix de Vega Carpio -- _gv. 39. _tComedias Escogidas de D. Agustin Moreto y Cabana -- _gv.40. _tLibros de Caballerias -- _gv. 43, 45. _tDramaticos contemporaneos a Lope de Vega -- |
|
| 505 | 0 |
_gv. 44. _tLa gran conquista de Ultramar : que mando escribir el Ray Don Alfonso el Sabio -- _gv. 46, 50 _tObras publicadas e ineditas de D. Gaspar Melchor de Jovellanos -- _gv.47, 49. _tObras publicadas e ineditas de D. Gaspar Melchor de Jovellanos -- _gv. 48, 50. _tObras publicadas e ineditas de D. Gaspar Melchor de Jovellanos -- _gv. 47, 49. _tDramaticos posteriores a Lope de Vega -- _gv. 48, 69. _tObras de D. Francisco de Quevedo Villegas -- _gv. 51. _tEscritores en prosa anteriores al siglo XV -- _gv. 53, 55. _tEscritos de Santa Teresa -- _gv. 54. _tComedias escogidas de Don Francisco de Rojas Zorrilla -- _gv. 56. _t. Obras escogidas del Padre Fray Benito Jeronimo Feijoo y Montenegro -- _gv. 57. _tPoetas castellanos anteriores al siglo XV -- _gv. 58. _tAutos sacramentales desde su origen hasta fines del siglo XVII -- |
|
| 505 | 0 |
_gv. 59. _tObras originales del Conde de Floridablanca, y escritos referentes a su persona -- _gv. 60. _tObras escogidas del Padre Pedro de Rivadeneira -- _gv. 61, 63, 67. _tPoetas liricos del siglo XVIII -- _gv. 62 . _tEpistolario espanol : Coleccion de cartas de espanoles ilustres antiguos y modernos -- _gv. 64. _tHistoria del levantamiento, guerra y revolucion de Espana -- _gv. 65. _tObras escogidas de filosofos - _gv. 66, 68, 70. _tCronicas de los reyes de Castilla -- _gv. 71, 226. _tIndices generales -- t _gv. 72. _tObras completas de D. Jose de Espronceda -- _gv. 100. _tObras completas del duque de Rivas -- _gv. 157, 177. _tObras de Lope de Vega -- _gv. 294. _tEl indiano en el teatro menor espanol del setecientos |
|
| 650 | 4 |
_aLiteratura española _9632 |
|
| 910 | _aValidado. Control de calidad MFF | ||
| 942 |
_2ddc _cLBS1 |
||
| 999 |
_c39392 _d39392 |
||